Designing the sustainable site : (Record no. 353517)

000 -LEADER
fixed length control field 01379cam a22003494a 4500
001 - CONTROL NUMBER
control field 16909146
003 - CONTROL NUMBER IDENTIFIER
control field OSt
005 - DATE AND TIME OF LATEST TRANSACTION
control field 20180116192410.0
008 - FIXED-LENGTH DATA ELEMENTS--GENERAL INFORMATION
fixed length control field 110808s2012 njua b 001 0 eng
010 ## - LIBRARY OF CONGRESS CONTROL NUMBER
LC control number 2011033592
016 7# - NATIONAL BIBLIOGRAPHIC AGENCY CONTROL NUMBER
Record control number 015986129
Source Uk
020 ## - INTERNATIONAL STANDARD BOOK NUMBER
International Standard Book Number 9780470900093 (pbk.)
020 ## - INTERNATIONAL STANDARD BOOK NUMBER
International Standard Book Number 0470900091 (pbk.)
035 ## - SYSTEM CONTROL NUMBER
System control number (OCoLC)ocn747331908
040 ## - CATALOGING SOURCE
Original cataloging agency DLC
Language of cataloging eng
Transcribing agency DLC
Modifying agency YDX
-- BTCTA
-- UKMGB
-- BDX
-- IAD
-- YDXCP
-- DLC
042 ## - AUTHENTICATION CODE
Authentication code pcc
050 00 - LIBRARY OF CONGRESS CALL NUMBER
Classification number NA9051
Item number .V46 2012
082 00 - DEWEY DECIMAL CLASSIFICATION NUMBER
Classification number 720.28
Edition number 23
100 1# - MAIN ENTRY--PERSONAL NAME
Personal name Venhaus, Heather.
9 (RLIN) 5724
245 10 - TITLE STATEMENT
Title Designing the sustainable site :
Remainder of title integrated design strategies for small-scale sites and residential landscapes /
Statement of responsibility, etc. Heather Venhaus.
246 30 - VARYING FORM OF TITLE
Title proper/short title Integrated design strategies for small-scale sites and residential landscapes
260 ## - PUBLICATION, DISTRIBUTION, ETC.
Place of publication, distribution, etc. Hoboken, N.J. :
Name of publisher, distributor, etc. John Wiley & Sons,
Date of publication, distribution, etc. c2012.
300 ## - PHYSICAL DESCRIPTION
Extent xi, 235 p. :
Other physical details col. ill. ;
Dimensions 28 cm.
504 ## - BIBLIOGRAPHY, ETC. NOTE
Bibliography, etc. note Includes bibliographical references and index.
650 #0 - SUBJECT ADDED ENTRY--TOPICAL TERM
Topical term or geographic name entry element Homesites
General subdivision Planning
Form subdivision Case studies.
9 (RLIN) 5725
650 #0 - SUBJECT ADDED ENTRY--TOPICAL TERM
Topical term or geographic name entry element Sustainable design
Form subdivision Case studies.
9 (RLIN) 5726
650 #0 - SUBJECT ADDED ENTRY--TOPICAL TERM
Topical term or geographic name entry element Ecological landscape design
Form subdivision Case studies.
9 (RLIN) 5727
906 ## - LOCAL DATA ELEMENT F, LDF (RLIN)
a 7
b cbc
c orignew
d 1
e ecip
f 20
g y-gencatlg
942 ## - ADDED ENTRY ELEMENTS (KOHA)
Source of classification or shelving scheme
Koha item type Book
Holdings
Withdrawn status Lost status Source of classification or shelving scheme Damaged status Not for loan Permanent Location Current Location Date acquired Total Checkouts Total Renewals Full call number Barcode Date last seen Date last checked out Cost, replacement price Price effective from Koha item type
          School of Art Design and Architecture (SADA) School of Art Design and Architecture (SADA) 07/20/2012 7 5 720.28 VEN 2012 SADA0001718 03/18/2016 02/03/2016 4610.00 07/24/2012 Book
© 2023 Central Library, National University of Sciences and Technology. All Rights Reserved.